Legal origin theory / (Record no. 8964)
[ view plain ]
| 000 -LEADER | |
|---|---|
| fixed length control field | 00921nam a22001817a 4500 |
| 005 - DATE AND TIME OF LATEST TRANSACTION | |
| control field | 20220721110729.0 |
| 008 - FIXED-LENGTH DATA ELEMENTS--GENERAL INFORMATION | |
| fixed length control field | 220405b ||||| |||| 00| 0 eng d |
| 020 ## - INTERNATIONAL STANDARD BOOK NUMBER | |
| International Standard Book Number | 9780857939098 |
| 050 ## - LIBRARY OF CONGRESS CALL NUMBER | |
| Classification number | K487.E3 L443 |
| 245 ## - TITLE STATEMENT | |
| Title | Legal origin theory / |
| Statement of responsibility, etc. | edited by Simon Deakin and Katharina Pistor. |
| 260 ## - PUBLICATION, DISTRIBUTION, ETC. | |
| Place of publication, distribution, etc. | Cheltenham: |
| Name of publisher, distributor, etc. | Edward Elgar Publication, |
| Date of publication, distribution, etc. | 2012. |
| 300 ## - PHYSICAL DESCRIPTION | |
| Extent | xx, 622 p . : |
| Other physical details | ill, ; |
| Dimensions | 26 cm. |
| 500 ## - GENERAL NOTE | |
| General note | includes bibliographical references |
| 505 ## - FORMATTED CONTENTS NOTE | |
| Formatted contents note | Contents: Legal origin:Concept and consequencies -- Common and civil law in comparrative legal scholarship -- Data and methodology -- Legal origin and evolution of law and legal systems -- Beyond legal origin:Understanding institutional determinants of economic growth -- Comparative analyses of legal systems - Comparative analysis of legal systems 0 Alternative Approaches. |
| 700 ## - ADDED ENTRY--PERSONAL NAME | |
| Personal name | Deakin Simon. |
| 700 ## - ADDED ENTRY--PERSONAL NAME | |
| Personal name | Pistor katharina |
| 942 ## - ADDED ENTRY ELEMENTS (KOHA) | |
| Source of classification or shelving scheme | Library of Congress Classification |
| Koha item type | Books |
| Withdrawn status | Lost status | Source of classification or shelving scheme | Damaged status | Not for loan | Home library | Current library | Shelving location | Date acquired | Full call number | Barcode | Date last seen | Copy number | Price effective from | Koha item type |
|---|---|---|---|---|---|---|---|---|---|---|---|---|---|---|
| Library of Congress Classification | WISCONSIN INTERNATIONAL UNIVERSITY COLLEGE, GHANA - MAIN LIBRARY | WISCONSIN INTERNATIONAL UNIVERSITY COLLEGE, GHANA - MAIN LIBRARY | Reference | 11/04/2022 | K487.E3 L443 | 9183/632/22 | 11/04/2022 | 1 | 11/04/2022 | Books |
